Nghiên cứu vận hành hồ chứa nước Ô Tà Sóc, huyện Tri Tôn, tỉnh An Giang : Luận văn tốt nghiệp cao học ngành. Kỹ thuật Xây dựng Công trình thủy

Mục tiêu của nghiên cứu này là nhằm đánh giá cân bằng nước hồ chứa Ô Tà Sóc thuộc vùng Bảy Núi tỉnh An Giang phục vụ các nhu cầu dùng nước; từ đó, đề xuất các phương án (PA) vận hành hồ hiện tại và trong tương lai. Để đạt được mục...

Πλήρης περιγραφή

Αποθηκεύτηκε σε:
Λεπτομέρειες βιβλιογραφικής εγγραφής
Κύριος συγγραφέας: Lê, Hải Trí
Μορφή: Βιβλίο
Γλώσσα:Undetermined
Έκδοση: Cần Thơ Trường Đại học Cần Thơ 2019
Θέματα:
Ετικέτες: Προσθήκη ετικέτας
Δεν υπάρχουν, Καταχωρήστε ετικέτα πρώτοι!
Thư viện lưu trữ: Trung tâm Học liệu Trường Đại học Cần Thơ
LEADER 01526nam a2200229Ia 4500
001 CTU_233190
008 210402s9999 xx 000 0 und d
082 |a 627.8 
082 |b Tr300 
088 |a 8580202 
100 |a Lê, Hải Trí 
245 0 |a Nghiên cứu vận hành hồ chứa nước Ô Tà Sóc, huyện Tri Tôn, tỉnh An Giang : 
245 0 |b Luận văn tốt nghiệp cao học ngành. Kỹ thuật Xây dựng Công trình thủy 
245 0 |c Lê Hải Trí ; Lê Anh Tuấn (Cán bộ hướng dẫn) 
260 |a Cần Thơ 
260 |b Trường Đại học Cần Thơ 
260 |c 2019 
520 |a Mục tiêu của nghiên cứu này là nhằm đánh giá cân bằng nước hồ chứa Ô Tà Sóc thuộc vùng Bảy Núi tỉnh An Giang phục vụ các nhu cầu dùng nước; từ đó, đề xuất các phương án (PA) vận hành hồ hiện tại và trong tương lai. Để đạt được mục tiêu trên, (1) trước tiên tính toán trữ lượng nước hồ chứa và các nhu cầu sử dụng nước; và (2) tính toán điều tiết hồ chứa theo các PA dùng nước và các kịch bản biến đổi khí hậu (BĐKH). 
650 |a Reservoirs,Hồ chứa 
910 |b tvtrong 
910 |c tvtrong,tvtrong 
980 |a Trung tâm Học liệu Trường Đại học Cần Thơ